| 000 | 00590nam a2200229 i 4500 | ||
|---|---|---|---|
| 001 | bg | ||
| 100 | 1 | _aGAREWICZ, Jan | |
| 245 | 0 |
_aSchopenhauer / _cJan Garewicz. |
|
| 250 | _aWyd. 2 zm. | ||
| 260 |
_aWarszawa : _b"Wiedza Powszechna", _c1988. |
||
| 300 |
_a245, [3] s. : _bportr. ; _c19 cm. |
||
| 490 | 1 | _aMyśli i Ludzie | |
| 504 | _aBibliogr. s. 129-131. | ||
| 830 | _aMyśli i Ludzie | ||
| 020 | _a8321405894 | ||
| 040 | _cBPK | ||
| 041 | _apol | ||
| 080 | _a141+17+929(430)"17/18"A/Z | ||
| 920 | _a83-214-0589-4 | ||
| 942 | _cKS | ||
| 008 | s pl f |000 0 pol | ||
| 999 |
_c28658 _d28658 |
||
| 856 |
_uhttp://koha.tu.koszalin.pl/cgi-bin/koha/opac-detail.pl?biblionumber=28658 _yKatalog online BPK |
||